000 00521nam a2200181Ia 4500
008 090123s9999 xx 000 0 und d
082 _b39304
100 _aधुळे प्रकाश
245 _aविचारोळी
250 _a1
260 _bसंवेदना प्रकाशन
_c2006
300 _a64
600 _aधुळे प्रकाश
630 _aविचारोळी
700 _aधुळे प्रकाश
730 _aविचारोळी
942 _cBOOK
999 _c77366
_d77366